Statistics for City To Country - Asia

Click here to take the quiz!

General Stats

  • This quiz has been taken 17 times
  • The average score is 147 of 180

Answer Stats

QuestionTileSelect% Correct
cities in TurkeyAnkaraYes
100%
cities in JapanBakuNo
100%
cities in ThailandBangkokYes
100%
cities in IndiaDhakaNo
100%
cities in JapanDohaNo
100%
cities in TurkeyDushanbeNo
100%
cities in TurkeyGroznyNo
100%
cities in ChinaGuangzhouYes
100%
cities in JapanHonoluluNo
100%
cities in IndiaIpohNo
100%
cities in TurkeyIstanbulYes
100%
cities in TurkeyIzmirYes
100%
cities in Saudi ArabiaJeddahYes
100%
cities in IndiaKathmanduNo
100%
cities in JapanLatakiaNo
100%
cities in Saudi ArabiaManamaNo
100%
cities in Saudi ArabiaMeccaYes
100%
cities in IndiaMumbaiYes
100%
cities in Saudi ArabiaMuscatNo
100%
cities in JapanNagoyaYes
100%
cities in TurkeyNicosiaNo
100%
cities in TurkeyOdessaNo
100%
cities in JapanOsakaYes
100%
cities in ThailandPhnom PenhNo
100%
cities in ChinaPyongyangNo
100%
cities in Saudi ArabiaRiyadhYes
100%
cities in Saudi ArabiaSana'aNo
100%
cities in JapanSeoulNo
100%
cities in ChinaShanghaiYes
100%
cities in ChinaTaipeiNo
100%
cities in ChinaThimphuNo
100%
cities in ThailandYangonNo
100%
cities in the United Arab EmiratesAbu DhabiYes
94%
cities in IndiaAgraYes
94%
cities in the United Arab EmiratesAmmanNo
94%
cities in SyriaAmmanNo
94%
cities in IranAshgabatNo
94%
cities in SyriaBagdadNo
94%
cities in IranBakuNo
94%
cities in SyriaBasraNo
94%
cities in SyriaBeirutNo
94%
cities in the United Arab EmiratesBeirutNo
94%
cities in the PhilippinesBilbaoNo
94%
cities in VietnamChiang MaiNo
94%
cities in SyriaDamascusYes
94%
cities in IndonesiaDiliNo
94%
cities in IranDohaNo
94%
cities in the United Arab EmiratesDubaiYes
94%
cities in IranEskisehirNo
94%
cities in IndiaFaisalabadNo
94%
cities in VietnamHanoiYes
94%
cities in VietnamHo Chi MinhYes
94%
cities in JapanIncheonNo
94%
cities in Saudi ArabiaIsfahanNo
94%
cities in IndonesiaJakartaYes
94%
cities in IranKabulNo
94%
cities in IndiaKarachiNo
94%
cities in IndiaKolkataYes
94%
cities in TurkeyKutaisiNo
94%
cities in IndiaLahoreNo
94%
cities in ThailandMandalayNo
94%
cities in the PhilippinesManilaYes
94%
cities in VietnamNaypyidawNo
94%
cities in VietnamPhnom PenhNo
94%
cities in ThailandPhuketYes
94%
cities in IndonesiaPort MoresbyNo
94%
cities in the United Arab EmiratesPort SaidNo
94%
cities in SyriaSana'aNo
94%
cities in MalaysiaSingaporeNo
94%
cities in KazakhstanTashkentNo
94%
cities in IranTehranYes
94%
cities in ThailandThimphuNo
94%
cities in VietnamXiamenNo
94%
cities in Saudi ArabiaAhvazNo
88%
cities in SyriaAleppoYes
88%
cities in TurkeyAstanaNo
88%
cities in KazakhstanAstanaYes
88%
cities in Saudi ArabiaBasraNo
88%
cities in MalaysiaCaloocanNo
88%
cities in MalaysiaChittagongNo
88%
cities in ChinaDa NangNo
88%
cities in VietnamDa NangYes
88%
cities in the PhilippinesDiliNo
88%
cities in the United Arab EmiratesDohaNo
88%
cities in TurkeyHomsNo
88%
cities in the United Arab EmiratesJeddahNo
88%
cities in IndonesiaJohor BahruNo
88%
cities in IranKandaharNo
88%
cities in South KoreaKyotoNo
88%
cities in the PhilippinesMacauNo
88%
cities in ThailandPattayaYes
88%
cities in the PhilippinesPort MoresbyNo
88%
cities in South KoreaPyongyangNo
88%
cities in IndonesiaSerembanNo
88%
cities in Saudi ArabiaSharjahNo
88%
cities in ThailandSurabayaNo
88%
cities in South KoreaTaichungNo
88%
cities in VietnamThimphuNo
88%
cities in South KoreaYokohamaNo
88%
cities in the PhilippinesZaragozaNo
88%
cities in KazakhstanAlmatyYes
82%
cities in KazakhstanAshgabatNo
82%
cities in the United Arab EmiratesAswanNo
82%
cities in MalaysiaBandar Seri BegawanNo
82%
cities in IndiaBangaloreYes
82%
cities in ChinaChongqingYes
82%
cities in JapanFoshanNo
82%
cities in the PhilippinesGuayaquilNo
82%
cities in IndiaHyderabadYes
82%
cities in KazakhstanKonyaNo
82%
cities in MalaysiaMedanNo
82%
cities in Saudi ArabiaMedinaYes
82%
cities in ThailandPenangNo
82%
cities in VietnamQingdaoNo
82%
cities in SyriaQomNo
82%
cities in JapanSapporoYes
82%
cities in IndonesiaSeberang PeraiNo
82%
cities in VietnamUlan UdeNo
82%
cities in KazakhstanBursaNo
76%
cities in South KoreaBusanYes
76%
cities in ThailandChiang MaiYes
76%
cities in the PhilippinesDavaoYes
76%
cities in South KoreaHamhungNo
76%
cities in JapanKanazawaYes
76%
cities in ThailandKota KinabaluNo
76%
cities in KazakhstanOmskNo
76%
cities in the PhilippinesQuezonYes
76%
cities in JapanSaitamaYes
76%
cities in KazakhstanSamarkandNo
76%
cities in IndonesiaSurabayaYes
76%
cities in IranTabrizYes
76%
cities in IndonesiaBandar LampungYes
71%
cities in IndonesiaBandungYes
71%
cities in IranBasraNo
71%
cities in IndiaChittagongNo
71%
cities in South KoreaDaejeonYes
71%
cities in TurkeyGaziantepYes
71%
cities in SyriaHomsYes
71%
cities in South KoreaIncheonYes
71%
cities in South KoreaJejuYes
71%
cities in ChinaKaohsiungNo
71%
cities in KazakhstanKrasnodarNo
71%
cities in MalaysiaMandalayNo
71%
cities in the PhilippinesMaracayNo
71%
cities in IndonesiaPenangNo
71%
cities in ChinaTaichungNo
71%
cities in MalaysiaTangerangNo
71%
cities in TurkeyAdanaYes
65%
cities in SyriaArbilNo
65%
cities in VietnamHaiphongYes
65%
cities in ChinaLhasaYes
65%
cities in MalaysiaPetaling JayaYes
65%
cities in the United Arab EmiratesSalalahNo
65%
cities in the United Arab EmiratesSharjahYes
65%
cities in South KoreaWonsanNo
65%
cities in IranAhvazYes
59%
cities in ChinaHaiphongNo
59%
cities in MalaysiaKota KinabaluYes
59%
cities in IranMashhadYes
59%
cities in MalaysiaSerembanYes
59%
cities in ThailandSurat ThaniYes
59%
cities in MalaysiaAlor SetarYes
53%
cities in VietnamCan ThoYes
53%
cities in IranIsfahanYes
53%
cities in ChinaTanjinYes
53%
cities in MalaysiaIpohYes
47%
cities in IndonesiaSubang JayaNo
47%
cities in the United Arab EmiratesAl AinYes
41%
cities in South KoreaKaesongNo
41%
cities in IndonesiaPalembangYes
41%
cities in the PhilippinesZamboangaYes
41%
cities in the PhilippinesCagayan de OroYes
35%
cities in Saudi ArabiaDammanYes
35%
cities in KazakhstanKaragandaYes
35%
cities in SyriaLatakiaYes
35%
cities in KazakhstanPavlodarYes
35%
cities in KazakhstanTarazYes
35%
cities in South KoreaUlsanYes
35%
cities in the United Arab EmiratesAjmanYes
29%
cities in SyriaHamaYes
29%

Score Distribution

Percentile by Number Answered

Percent of People with Each Score

Your Score History

You have not taken this quiz